00870nam a22002175i 4500001000700000003000900007005001700016008004100033080002100074100001900095245003500114260012600149300007500275490005800350500001400408504002700422546008000449600003000529830005800559852003500617177721ES-MaACL20230930132752.0110414s1948 be f |||| | fre d a75 Delvaux, Paul1 aSpaak, Claude.10aPaul Delvaux / cClaude Spaak. aAnvers ; Bruxelles : bDe Sikkel, pour le Ministere de l'Instruction Publique, les editions du Cercle d'Art, ccop. 1948. a16, [26] p. de lám. bl. y n. , [2] h. de lám. col. y n. ; c25 cm.1 aMonographies de l'art belge. Deuxième Série ; v6 aÍndice. aBibliografía: p. 15. aTexto en francés, leyenda de las ilustraciones en francés y holandés.04aDelvaux, Paul,d1897-19940 aMonographies de l'art belge. Deuxième Série ; v6 aES-MaACLjE-14911 xOlim P-972